|
|
|
|
| LEADER |
00000nab a22000007a 4500 |
| 001 |
vtls010670673 |
| 003 |
SK-MaSNL |
| 005 |
20260304185001.0 |
| 008 |
250708s1965 xo |||||||||||||||||slo| |
| 035 |
|
|
|a (urnnbn)urn:nbn:sk:snk:ar-001t1o
|
| 035 |
|
|
|a (uuid)a4b9e3d1-40ee-42f0-bfb4-00da0d16074a
|
| 035 |
|
|
|a urn:nbn:sk:snk-ab17ze
|
| 040 |
|
|
|a SNKBUCL
|b slo
|c SNKBUCL
|e AACR2
|
| 041 |
0 |
|
|a slo
|
| 044 |
|
|
|a xo
|c SK
|
| 100 |
1 |
|
|a Kuka, Pavol,
|d 1931-2014
|4 aut
|9 248152
|
| 245 |
1 |
0 |
|a AGRIKULTÚRA 2.
|c Pavol Kuka
|
| 773 |
0 |
|
|t Zborník Slovenského národného múzea
|g Roč. 59, č. 6 (1965), s. 132-133
|
| 850 |
|
|
|a Slovenská národná knižnica
|
| 852 |
|
|
|a Slovenská národná knižnica
|
| 954 |
|
|
|a odborná, vedecká literatúra pôvodná (slovenská)
|2 lita
|
| 958 |
|
|
|a article
|
| 958 |
|
|
|a OND
|
| 958 |
|
|
|a EUIPO
|
| 999 |
|
|
|c 3040838
|d 3042768
|